Divine madness : (Record no. 124537)
[ view plain ]
| 000 -LEADER | |
|---|---|
| fixed length control field | 01123cam a2200289 a 4500 |
| 001 - CONTROL NUMBER | |
| control field | 634562 |
| 003 - CONTROL NUMBER IDENTIFIER | |
| control field | ARRUPE |
| 005 - DATE AND TIME OF LATEST TRANSACTION | |
| control field | 20160406122939.0 |
| 008 - FIXED-LENGTH DATA ELEMENTS--GENERAL INFORMATION | |
| fixed length control field | 930113s1993 njuab b 001 0beng |
| 010 ## - LIBRARY OF CONGRESS CONTROL NUMBER | |
| LC control number | 93020058 |
| 020 ## - INTERNATIONAL STANDARD BOOK NUMBER | |
| International Standard Book Number | 0862324432 : |
| Terms of availability | $49.95 |
| 020 ## - INTERNATIONAL STANDARD BOOK NUMBER | |
| International Standard Book Number | 0862324440 (pbk.) : |
| Terms of availability | $19.95 |
| 040 ## - CATALOGING SOURCE | |
| Original cataloging agency | DLC |
| Transcribing agency | DLC |
| Modifying agency | DLC |
| 043 ## - GEOGRAPHIC AREA CODE | |
| Geographic area code | f-so--- |
| 050 00 - LIBRARY OF CONGRESS CALL NUMBER | |
| Classification number | DT404.3.M38 |
| Item number | S54 1993 |
| 082 00 - DEWEY DECIMAL CLASSIFICATION NUMBER | |
| Classification number | 967.73/03/092 |
| Edition number | 20 |
| 300 ## - PHYSICAL DESCRIPTION | |
| Other physical details | ill., maps ; |
| Dimensions | 22 cm.. |
| 100 2# - MAIN ENTRY--PERSONAL NAME | |
| Personal name | Sheik-ʻAbdi, ʻAbdi |
| Fuller form of name | (ʻAbdi ʻAbdulqadir). |
| 9 (RLIN) | 23579 |
| 245 10 - TITLE STATEMENT | |
| Title | Divine madness : |
| Remainder of title | Moḥammed ʻAbdulle Ḥassan (1856-1920) / |
| Statement of responsibility, etc | by ʻAbdi Sheik-ʻAbdi. |
| 260 ## - PUBLICATION, DISTRIBUTION, ETC. (IMPRINT) | |
| Place of publication, distribution, etc | London |
| Name of publisher, distributor, etc | Zed Books, |
| Date of publication, distribution, etc | c1993. |
| 300 ## - PHYSICAL DESCRIPTION | |
| Extent | xi, 226 p. : |
| 504 ## - BIBLIOGRAPHY, ETC. NOTE | |
| Bibliography, etc | Includes bibliographical references (p. 215-221) and index. |
| 600 00 - SUBJECT ADDED ENTRY--PERSONAL NAME | |
| Personal name | Maxamad Cabdulle Xasan, |
| Dates associated with a name | 1864-1920. |
| 9 (RLIN) | 23580 |
| 650 #0 - SUBJECT ADDED ENTRY--TOPICAL TERM | |
| Topical term or geographic name as entry element | Maxamad Cabdulle Xasan's Rebellion, Somalia, 1900-1920. |
| 9 (RLIN) | 23581 |
| 906 ## - LOCAL DATA ELEMENT F, LDF (RLIN) | |
| a | 7 |
| b | cbc |
| c | orignew |
| d | 1 |
| e | ocip |
| f | 19 |
| g | y-gencatlg |
| 942 ## - ADDED ENTRY ELEMENTS (KOHA) | |
| Source of classification or shelving scheme | Library of Congress Classification |
| Koha item type | Monograph ( Printed materials) |
| Withdrawn status | Lost status | Source of classification or shelving scheme | Damaged status | Not for loan | Collection code | Home library | Current library | Shelving location | Date acquired | Total Checkouts | Full call number | Barcode | Date last seen | Date checked out | Price effective from | Koha item type |
|---|---|---|---|---|---|---|---|---|---|---|---|---|---|---|---|---|
| Library of Congress Classification | Main Collection | ARRUPE LIBRARY | ARRUPE LIBRARY | Main Collection | 06/04/2016 | 1 | DT404.3.M38S54 1993 | 46500003951 | 16/11/2018 | 12/11/2018 | 06/04/2016 | Monograph ( Printed materials) |